Statistics for Texas Tech Basketball: Top 10 All-Time Leaders

Click here to take the quiz!

General Stats

  • This quiz has been taken 7 times
    (2 since last reset)
  • The average score is 38 of 90

Answer Stats

Category#PlayerAmount% Correct
Three Pointers Made4Koy Smith237
100%
Points Per Game4Mark Davis17.9
100%
Blocks9Tariq Owens92
100%
Blocks2Zach Smith158
100%
Three Pointers Made6Alan Voskuil203
50%
Rebounds7Andre Emmett765
50%
Steals6Andre Emmett164
50%
Field Goal Percent7Andre Emmett50.0%
50%
Points Per Game8Andre Emmett17.6
50%
Points1Andre Emmett2,256
50%
GamesT8Andre Emmett128
50%
Blocks7Andy Ellis100
50%
Steals7Bubba Jennings156
50%
Assists6Bubba Jennings378
50%
Points9Bubba Jennings1,760
50%
Field Goal Percent9Bubba Jennings49.8%
50%
Points6Cody Carr1,904
50%
Three Pointers Made2Cory Carr262
50%
GamesT6Darryl Dora129
50%
Three Pointers Made9Davide Moretti166
50%
Blocks4Devonne Giles107
50%
Blocks8D'walyn Roberts97
50%
Points2Jarrius Jackson2,221
50%
Three Pointers Made5Jarrius Jackson232
50%
Games2Jarrius Jackson133
50%
Assists7Jarrius Jackson357
50%
StealsT2Jarrius Jackson196
50%
Points Per Game7Jason Sasser17.7
50%
Points4Jason Sasser2,102
50%
Steals8Jason Sasser144
50%
Rebounds5Jason Sasser895
50%
Field Goal Percent5Jeff Taylor50.9%
50%
Steals9John Roberson135
50%
GamesT6John Roberson129
50%
Three Pointers Made1John Roberson274
50%
Points7John Roberson1,772
50%
Assists1John Roberson636
50%
Assists8Keenan Evans346
50%
Steals10Keenan Evans128
50%
Games4Keenan Evans131
50%
Three Pointers Made8Lance Hughes168
50%
Field Goal Percent6Lance Hughes50.0%
50%
Points8Lance Hughes1,762
50%
Steals5Martin Zeno168
50%
Points5Martin Zeno1,913
50%
Games5Martin Zeno130
50%
Assists5Martin Zeno403
50%
GamesT8Mike Singletary128
50%
Rebounds10Mike Singletary698
50%
GamesT8Norense Odiase128
50%
Blocks10Norense Odiase84
50%
Assists4Rayford Young407
50%
Steals4Rayford Young173
50%
Three Pointers Made7Rayford Young170
50%
Points3Rick Bullock2,118
50%
Points Per Game2Rick Bullock19.8
50%
Field Goal Percent2Rick Bullock56.5%
50%
Rebounds2Rick Bullock1,057
50%
Steals1Ronald Ross204
50%
Games3Ronald Ross132
50%
StealsT2Sean Gay196
50%
Field Goal Percent10Sean Gay49.3%
50%
Assists3Sean Gay432
50%
Assists2Stan Bonewitz435
50%
Three Pointers Made3Stan Bonewitz241
50%
Rebounds9Tony Battie724
50%
Blocks1Tony Battie162
50%
Assists9Tony Benford341
50%
Rebounds3Will Flemons934
50%
Field Goal Percent1Will Flemons59.8%
50%
Blocks3Will Flemons109
50%
Field Goal Percent4William Johnson51.5%
50%
Blocks5Brodney Kennard106
0%
Assists10Bryant Moore335
0%
Points Per Game6Del Ray Mounts17.7
0%
Points Per Game1Dub Malaise20.3
0%
Rebounds6Eugene Carpenter840
0%
Field Goal Percent8Gene Knolle49.9%
0%
Points Per Game3Greg Lowery19.7
0%
Points Per Game5Jim Reed17.8
0%
Rebounds1Jim Reed1,333
0%
Points10Jim Reed1,689
0%
Rebounds8Mike Russell744
0%
Points Per Game9Mike Russell17.3
0%
Field Goal Percent3Mike Russell54.3%
0%
Points Per Game10Paul Nolen17.2
0%
Rebounds4Paul Nolen919
0%
Blocks6Robert Lewandowski101
0%
Games1Toddrick Gotcher136
0%
Three Pointers Made10Toddrick Gotcher138
0%

Score Distribution

Percentile by Number Answered

Percent of People with Each Score

Your Score History

You have not taken this quiz since the last reset